000 00867nam a2200265 a 4500
001 51229
003 BD-RjUL
005 20211209075628.0
008 720705s19611950enka 000 0 eng
035 _a(BD-RjUL) 51349
040 _aDLC
_cWSU
_dOCL
_dUKM
_dOCLCQ
_dBD-RjUL
_beng
041 _aeng
082 _a515
_223
_bNOM 1961
100 1 _aNorris, P. W.
_q(Percy William),
_d1884-
_9153263
245 1 0 _aMechanics via the calculus /
_cP. W. Norris ; W. Seymour Legge.
250 _a3d ed.
260 _aNew York :
_bCleaver-House ltd.,
_c1950 [Reprinted 1957, 1961]
300 _axii, 367 p. :
_bill. ;
_c22 cm.
650 0 _aCalculus.
_9153265
650 0 _aMechanics.
_9157081
700 1 _aLegge, W. Seymour
_q(William Seymour),
_d1881-
_9153266
942 _2ddc
_cBK
946 _at
949 0 _4IP
_ac
_bRSC
_cHDC
_o0
_p39080024192756
_x15
_yHDC ITEM
_hQA805.N77x 1950
999 _c51229
_d51229